[Event "Cholet-B"]
[Site "Cholet"]
[Date "2011.03.09"]
[Round "7"]
[White "Audrain, Gilles"]
[Black "Louf, Claude"]
[Result "0-1"]
[WhiteElo "1650"]
[BlackElo "1633"]
[PlyCount "104"]
[EventDate "2011.03.05"]
[EventType "tourn"]
[EventRounds "9"]
[EventCountry "FRA"]
[SourceTitle "EXT 2012"]
[Source "ChessBase"]
[SourceDate "2011.11.24"]
[SourceVersion "1"]
[SourceVersionDate "2011.11.24"]
[SourceQuality "1"]

1. e4 c5 2. Bc4 e6 3. Nc3 a6 4. e5 b5 5. Be2 Bb7 6. Nf3 d6 7. exd6 Bxd6 8. d3 Nf6 9. Bg5 0-0 10. Ne4 Bxe4 11. dxe4 Be7 12. Qxd8 Bxd8 13. Bxf6 Bxf6 14. e5 Be7 15. 0-0-0 Nc6 16. Rd7 Rfe8 17. Bd3 Bf8 18. Be4 Rac8 19. Re1 a5 20. Bxc6 Rxc6 21. Ng5 Re7 22. Red1 Rc7 23. Rd8 g6 24. Nxh7 Kxh7 25. Rxf8 Red7 26. Rd8 Rxd1+ 27. Kxd1 c4 28. Kd2 Kh6 29. Ke3 Kg7 30. f4 f6 31. exf6+ Kxf6 32. g4 Rh7 33. Rd2 Rh3+ 34. Ke4 c3 35. bxc3 Rxc3 36. Kd4 Rc4+ 37. Ke3 Rc3+ 38. Ke4 Rc4+ 39. Ke3 Rc3+ 40. Ke2 Ra3 41. Rd3 Rxa2 42. Kd2 Ra4 43. Ke3 Rc4 44. c3 a4 45. h4 a3 46. Rd7 Rxc3+ 47. Ke4 Rc4+ 48. Ke3 a2 49. Kf3 Rxf4+ 50. Kxf4 e5+ 51. Ke4 a1Q 52. g5+ Ke6 0-1

[Event "Cholet-B"]
[Site "Cholet"]
[Date "2011.03.07"]
[Round "3"]
[White "Audrain, Gilles"]
[Black "Henrio, Patrice"]
[Result "0-1"]
[WhiteElo "1650"]
[BlackElo "1635"]
[PlyCount "118"]
[EventDate "2011.03.05"]
[EventType "tourn"]
[EventRounds "9"]
[EventCountry "FRA"]
[SourceTitle "EXT 2012"]
[Source "ChessBase"]
[SourceDate "2011.11.24"]
[SourceVersion "1"]
[SourceVersionDate "2011.11.24"]
[SourceQuality "1"]

1. e4 d5 2. exd5 Qxd5 3. Nc3 Qa5 4. d4 Nf6 5. Bd2 a6 6. Nf3 Nc6 7. Bc4 Qh5 8. Be2 Bg4 9. h3 e6 10. Be3 Bb4 11. Rg1 Bxc3+ 12. bxc3 Bxf3 13. Bxf3 Qa5 14. Qd3 0-0 15. Qc4 Nd5 16. Bxd5 Qxd5 17. Qxd5 exd5 18. Kd2 Na5 19. Kd3 Nc4 20. Bf4 c6 21. Rge1 Rfe8 22. Rab1 b5 23. h4 Re6 24. Rxe6 fxe6 25. g4 Rf8 26. Be3 g6 27. Ke2 e5 28. f3 Re8 29. Kf2 Rf8 30. Bh6 Rf6 31. Re1 e4 32. f4 Na3 33. Re2 a5 34. Kg3 a4 35. Bg5 Rf7 36. h5 Nb1 37. Re3 Nd2 38. Re2 Nf3 39. Bd8 gxh5 40. gxh5 Rg7+ 41. Kf2 Rg1 42. Ke3 Re1 43. Rxe1 Nxe1 44. Kd2 Nf3+ 45. Ke3 Kf7 46. f5 Ne1 47. Kd2 Nf3+ 48. Ke3 h6 49. Kf4 Ne1 50. Ke5 Nf3+ 51. Kf4 Ne1 52. Ke5 Nxc2 53. Kd6 b4 54. cxb4 Nxb4 55. a3 Nc2 56. Kxc6 e3 57. Kxd5 Nxa3 58. Kc5 Nc2 59. Bh4 a3 0-1